[Event "2nd Gujarat Open 2019"]
[Site "Ahmedabad, Gujarat"]
[Date "2019.09.28"]
[Round "9.25"]
[White "Bhatt, Jalpan"]
[Black "Kiran, Manisha Mohanty"]
[Result "0-1"]
[WhiteElo "2001"]
[BlackElo "2102"]
[Annotator "NA"]
[PlyCount "116"]
[EventDate "2019.09.22"]
[EventType "swiss"]
[EventCountry "IND"]
[SourceTitle "playchess.com"]
[Source "ChessBase"]
[SourceQuality "1"]
[TimeControl "5400+30"]

1. d4 {[%emt 0:00:00]} Nf6 {[%emt 0:00:27]} 2. Nf3 {[%emt 0:00:22]} g6 {[%emt 0:00:06]} 3. c4 {[%emt 0:00:04]} Bg7 {[%emt 0:00:04]} 4. Nc3 {[%emt 0:00:28]} d5 {[%emt 0:00:41]} 5. h4 {[%emt 0:00:12]} dxc4 {[%emt 0:06:39]} 6. e4 {[%emt 0:00:14]} c5 {[%emt 0:00:28]} 7. d5 {[%emt 0:00:05]} Bg4 {[%emt 0:00:30]} 8. Bxc4 {[%emt 0:11:46]} Nbd7 {[%emt 0:08:10]} 9. Qb3 {[%emt 0:06:32]} Nb6 {[%emt 0:15:18]} 10. e5 {[%emt 0:07:38]} Nfd7 {[%emt 0:01:06]} 11. e6 {[%emt 0:00:21]} fxe6 {[%emt 0:01:01]} 12. dxe6 {[%emt 0:00:29]} Nb8 {[%emt 0:02:06]} 13. Be3 {[%emt 0:17:51]} Nc6 {[%emt 0:03:44]} 14. Bxc5 {[%emt 0:07:06]} O-O {[%emt 0:01:19]} 15. Rd1 {[%emt 0:06:51]} Qc8 {[%emt 0:04:21]} 16. Bxb6 {[%emt 0:07:48]} axb6 {[%emt 0:00:45]} 17. Nd5 {[%emt 0:00:35]} b5 {[%emt 0:03:05]} 18. Qxb5 {[%emt 0:03:54]} Qb8 {[%emt 0:00:09]} 19. Rd3 {[%emt 0:07:47]} Bxf3 {[%emt 0:06:34]} 20. Rxf3 {[%emt 0:01:22]} Rxf3 {[%emt 0:00:48]} 21. gxf3 {[%emt 0:00:33]} Qe5+ {[%emt 0:03:01]} 22. Ne3 {[%emt 0:00:26]} Qxb5 {[%emt 0:00:42]} 23. Bxb5 {[%emt 0:00:05]} Rxa2 {[%emt 0:00:06]} 24. Bxc6 {[%emt 0:11:01]} Ra1+ {[%emt 0:01:58]} 25. Nd1 {[%emt 0:00:30]} bxc6 {[%emt 0:00:05]} 26. h5 {[%emt 0:00:18]} Bxb2 {[%emt 0:01:14]} 27. hxg6 {[%emt 0:00:06]} hxg6 {[%emt 0:00:05]} 28. Rg1 {[%emt 0:02:35]} Kg7 {[%emt 0:00:58]} 29. Rg5 {[%emt 0:01:58]} Bd4 {[%emt 0:00:24]} 30. Rg4 {[%emt 0:03:09]} c5 {[%emt 0:00:45]} 31. Ke2 {[%emt 0:00:01]} Ra2+ {[%emt 0:01:45]} 32. Kd3 {[%emt 0:00:02]} Kf6 {[%emt 0:00:43]} 33. Ne3 {[%emt 0:02:26]} Ra3+ {[%emt 0:05:01]} 34. Kd2 {[%emt 0:00:01]} Kxe6 {[%emt 0:00:52]} 35. Rxg6+ {[%emt 0:00:09]} Kd7 {[%emt 0:00:26]} 36. f4 {[%emt 0:02:34]} Ra2+ {[%emt 0:00:36]} 37. Ke1 {[%emt 0:00:35]} Ra4 {[%emt 0:00:29]} 38. Ke2 {[%emt 0:00:29]} c4 {[%emt 0:03:15]} 39. Rg1 {[%emt 0:00:02]} Kc6 {[%emt 0:01:55]} 40. Rg6+ {[%emt 0:00:36]} Kb5 {[%emt 0:01:47]} 41. Re6 {[%emt 0:00:25]} Ra2+ {[%emt 0:00:31]} 42. Kf3 {[%emt 0:00:24]} Bc5 {[%emt 0:00:40]} 43. Nd1 {[%emt 0:01:01]} Kb4 {[%emt 0:01:18]} 44. Rc6 {[%emt 0:00:29]} Rd2 {[%emt 0:02:02]} 45. Ne3 {[%emt 0:00:19]} c3 {[%emt 0:00:11]} 46. f5 {[%emt 0:00:16]} c2 {[%emt 0:00:10]} 47. Nxc2+ {[%emt 0:00:17]} Rxc2 {[%emt 0:00:06]} 48. Ke4 {[%emt 0:00:56]} Rxf2 {[%emt 0:00:59]} 49. Ke5 {[%emt 0:00:06]} Kb5 {[%emt 0:01:10]} 50. Re6 {[%emt 0:01:06]} Kc4 {[%emt 0:02:28]} 51. Rc6 {[%emt 0:00:27]} Re2+ {[%emt 0:00:17]} 52. Kf4 {[%emt 0:00:02]} Kd5 {[%emt 0:00:11]} 53. Ra6 {[%emt 0:00:20]} Rf2+ {[%emt 0:01:12]} 54. Kg5 {[%emt 0:00:04]} Rg2+ {[%emt 0:00:09]} 55. Kf4 {[%emt 0:01:08]} Bd6+ {[%emt 0:00:08]} 56. Kf3 {[%emt 0:00:04]} Rg3+ {[%emt 0:00:09]} 57. Kf2 {[%emt 0:00:05]} Rg5 {[%emt 0:00:06]} 58. f6 {[%emt 0:00:40]} Rf5+ {[%emt 0:00:22]} 0-1

[Event "2nd Gujarat Open 2019"]
[Site "Ahmedabad, Gujarat"]
[Date "2019.09.28"]
[Round "9.26"]
[White "Thanki, Hemal Karsanji"]
[Black "Samal Ansuman"]
[Result "1-0"]
[WhiteElo "2098"]
[BlackElo "1847"]
[Annotator "NA"]
[PlyCount "57"]
[EventDate "2019.09.22"]
[EventType "swiss"]
[EventCountry "IND"]
[SourceTitle "playchess.com"]
[Source "ChessBase"]
[SourceQuality "1"]
[TimeControl "5400+30"]

1. d4 {[%emt 0:00:00]} Nf6 {[%emt 0:00:49]} 2. c4 {[%emt 0:00:00]} g6 {[%emt 0:00:08]} 3. Nc3 {[%emt 0:00:00]} Bg7 {[%emt 0:00:05]} 4. e4 {[%emt 0:00:00]} O-O {[%emt 0:00:05]} 5. Nf3 {[%emt 0:00:00]} d6 {[%emt 0:00:05]} 6. Be2 {[%emt 0:00:00]} e5 {[%emt 0:00:13]} 7. O-O {[%emt 0:00:00]} Nc6 {[%emt 0:00:03]} 8. d5 {[%emt 0:00:02]} Ne7 {[%emt 0:00:05]} 9. Ne1 {[%emt 0:00:05]} Nd7 {[%emt 0:02:11]} 10. f3 {[%emt 0:00:06]} f5 {[%emt 0:00:06]} 11. Be3 {[%emt 0:00:05]} f4 {[%emt 0:02:29]} 12. Bf2 {[%emt 0:00:02]} g5 {[%emt 0:00:08]} 13. Rc1 {[%emt 0:00:15]} Rf6 {[%emt 0:01:48]} 14. Nd3 {[%emt 0:00:28]} Rh6 {[%emt 0:02:01]} 15. c5 {[%emt 0:00:20]} Qe8 {[%emt 0:02:05]} 16. Nb5 {[%emt 0:00:25]} Qh5 {[%emt 0:09:39]} 17. h4 {[%emt 0:00:04]} Ng6 {[%emt 0:16:06]} 18. g4 {[%emt 0:00:39]} fxg3 {[%emt 0:00:53]} 19. Bxg3 {[%emt 0:00:09]} Nf4 {[%emt 0:15:42]} 20. Nxc7 {[%emt 0:13:23]} Rg6 {[%emt 0:42:34]} 21. Kh1 {[%emt 0:06:20]} Nf6 {[%emt 0:02:41]} 22. Nxa8 {[%emt 0:16:07]} Nxe4 {[%emt 0:00:29]} 23. Be1 {[%emt 0:04:20]} Bh3 24. Nxf4 {[%emt 0:04:05]} gxf4 {[%emt 0:01:00]} 25. fxe4 {[%emt 0:00:21]} Bg2+ {[%emt 0:00:32]} 26. Kh2 {[%emt 0:00:17]} f3 {[%emt 0:00:31]} 27. Bxf3 {[%emt 0:00:49]} Bxf3 {[%emt 0:00:25]} 28. Qxf3 {[%emt 0:00:23]} Rg4 {[%emt 0:00:29]} 29. cxd6 {[%emt 0:03:00]} 1-0

[Event "2nd Gujarat Open 2019"]
[Site "Ahmedabad, Gujarat"]
[Date "2019.09.28"]
[Round "9.27"]
[White "Kadam Om Manish"]
[Black "Jay Kundaliya"]
[Result "1-0"]
[WhiteElo "1930"]
[BlackElo "2097"]
[Annotator "NA"]
[PlyCount "91"]
[EventDate "2019.09.22"]
[EventType "swiss"]
[EventCountry "IND"]
[SourceTitle "playchess.com"]
[Source "ChessBase"]
[SourceQuality "1"]
[TimeControl "5400+30"]

1. e4 {[%emt 0:00:00]} c5 {[%emt 0:00:00]} 2. Nf3 {[%emt 0:00:00]} d6 {[%emt 0:00:11]} 3. d4 {[%emt 0:00:00]} cxd4 {[%emt 0:00:07]} 4. Nxd4 {[%emt 0:00:00]} Nf6 {[%emt 0:00:07]} 5. Nc3 {[%emt 0:00:00]} a6 {[%emt 0:00:04]} 6. g3 {[%emt 0:00:05]} e5 {[%emt 0:05:08]} 7. Nde2 {[%emt 0:00:05]} Be7 {[%emt 0:01:02]} 8. Bg2 {[%emt 0:00:05]} Be6 {[%emt 0:09:57]} 9. O-O {[%emt 0:00:20]} h5 {[%emt 0:08:20]} 10. h3 {[%emt 0:02:01]} Qc8 {[%emt 0:04:19]} 11. Kh2 {[%emt 0:01:16]} Nbd7 {[%emt 0:05:23]} 12. a4 {[%emt 0:01:22]} g6 {[%emt 0:05:30]} 13. Be3 {[%emt 0:03:29]} Kf8 14. f4 {[%emt 0:03:33]} h4 {[%emt 0:16:48]} 15. f5 {[%emt 0:00:15]} hxg3+ {[%emt 0:00:09]} 16. Nxg3 {[%emt 0:00:06]} Bc4 {[%emt 0:00:06]} 17. Rf2 {[%emt 0:00:22]} Kg7 {[%emt 0:00:51]} 18. Qf3 {[%emt 0:02:05]} d5 {[%emt 0:15:48]} 19. exd5 {[%emt 0:05:25]} e4 {[%emt 0:11:48]} 20. Qf4 {[%emt 0:00:21]} Qb8 {[%emt 0:04:23]} 21. Qxb8 {[%emt 0:01:54]} Raxb8 {[%emt 0:00:01]} 22. Kg1 {[%emt 0:04:44]} Nxd5 {[%emt 0:04:38]} 23. Bd4+ {[%emt 0:01:58]} Bf6 {[%emt 0:00:53]} 24. Bxf6+ {[%emt 0:00:25]} N5xf6 {[%emt 0:01:34]} 25. b3 {[%emt 0:01:12]} Bd5 {[%emt 0:01:37]} 26. fxg6 {[%emt 0:01:16]} fxg6 {[%emt 0:01:29]} 27. Nxd5 {[%emt 0:00:10]} Nxd5 {[%emt 0:00:01]} 28. Bxe4 {[%emt 0:00:11]} N7f6 {[%emt 0:00:41]} 29. Bg2 {[%emt 0:02:02]} Ne3 {[%emt 0:00:30]} 30. Re1 {[%emt 0:00:05]} Rhe8 {[%emt 0:01:10]} 31. Rxf6 {[%emt 0:02:00]} Kxf6 {[%emt 0:00:33]} 32. Ne4+ {[%emt 0:00:03]} Rxe4 {[%emt 0:00:01]} 33. Bxe4 {[%emt 0:00:05]} Nf5 {[%emt 0:00:15]} 34. Kf2 {[%emt 0:04:06]} a5 {[%emt 0:00:24]} 35. Bd5 {[%emt 0:00:30]} b5 {[%emt 0:00:42]} 36. Re6+ {[%emt 0:01:02]} Kg5 {[%emt 0:02:16]} 37. b4 {[%emt 0:03:47]} bxa4 {[%emt 0:00:47]} 38. bxa5 {[%emt 0:00:04]} Rb5 {[%emt 0:00:17]} 39. Ba2 {[%emt 0:05:51]} Rb2 {[%emt 0:00:48]} 40. a6 {[%emt 0:00:38]} Rxa2 {[%emt 0:00:03]} 41. Rc6 {[%emt 0:00:05]} Rb2 {[%emt 0:01:17]} 42. a7 {[%emt 0:00:43]} a3 {[%emt 0:00:01]} 43. a8=Q a2 {[%emt 0:00:08]} 44. Qd8+ {[%emt 0:00:30]} Kf4 {[%emt 0:00:19]} 45. Rc4+ {[%emt 0:00:05]} Ke5 {[%emt 0:00:13]} 46. Qh8+ {[%emt 0:00:03]} 1-0

[Event "2nd Gujarat Open 2019"]
[Site "Ahmedabad, Gujarat"]
[Date "2019.09.28"]
[Round "9.28"]
[White "Souhardo Basak"]
[Black "Kanishk S K"]
[Result "1/2-1/2"]
[WhiteElo "2301"]
[BlackElo "2001"]
[Annotator "NA"]
[PlyCount "94"]
[EventDate "2019.09.22"]
[EventType "swiss"]
[EventCountry "IND"]
[SourceTitle "playchess.com"]
[Source "ChessBase"]
[SourceQuality "1"]
[TimeControl "5400+30"]

1. e4 {[%emt 0:00:00]} c5 {[%emt 0:00:54]} 2. Nf3 {[%emt 0:00:00]} d6 {[%emt 0:00:09]} 3. d4 {[%emt 0:00:00]} cxd4 {[%emt 0:00:09]} 4. Nxd4 {[%emt 0:00:00]} Nf6 {[%emt 0:00:31]} 5. Nc3 {[%emt 0:00:00]} a6 {[%emt 0:00:08]} 6. Be3 {[%emt 0:00:11]} e5 {[%emt 0:00:17]} 7. Nb3 {[%emt 0:00:05]} Be6 {[%emt 0:00:21]} 8. Be2 {[%emt 0:00:06]} Be7 {[%emt 0:00:26]} 9. O-O {[%emt 0:00:06]} O-O {[%emt 0:00:37]} 10. f4 {[%emt 0:00:12]} exf4 {[%emt 0:01:21]} 11. Bxf4 {[%emt 0:00:02]} Nc6 {[%emt 0:00:40]} 12. Qe1 {[%emt 0:01:54]} b5 {[%emt 0:04:45]} 13. Rd1 {[%emt 0:12:11]} b4 {[%emt 0:13:46]} 14. Nd5 {[%emt 0:00:02]} Nxe4 {[%emt 0:12:10]} 15. Nxe7+ {[%emt 0:00:41]} Qxe7 {[%emt 0:00:06]} 16. Bf3 {[%emt 0:00:15]} Bf5 {[%emt 0:00:13]} 17. Bxd6 {[%emt 0:12:40]} Qa7+ {[%emt 0:00:43]} 18. Kh1 {[%emt 0:00:07]} Rfe8 {[%emt 0:01:26]} 19. Qh4 {[%emt 0:11:46]} g5 {[%emt 0:02:01]} 20. Qh5 {[%emt 0:03:00]} Bg6 {[%emt 0:04:37]} 21. Qh6 {[%emt 0:01:41]} Nf2+ {[%emt 0:05:26]} 22. Rxf2 {[%emt 0:00:07]} Qxf2 {[%emt 0:00:05]} 23. Bg3 {[%emt 0:00:17]} Qb6 {[%emt 0:00:07]} 24. h4 {[%emt 0:01:08]} gxh4 {[%emt 0:23:25]} 25. Bxh4 {[%emt 0:00:02]} Rad8 {[%emt 0:02:09]} 26. Bxd8 {[%emt 0:07:36]} Rxd8 {[%emt 0:00:15]} 27. Rxd8+ {[%emt 0:07:49]} Nxd8 {[%emt 0:00:41]} 28. Qd2 {[%emt 0:01:22]} Ne6 {[%emt 0:01:03]} 29. c4 {[%emt 0:02:22]} bxc3 {[%emt 0:01:22]} 30. Qxc3 {[%emt 0:01:39]} Qf2 {[%emt 0:02:51]} 31. Qd2 {[%emt 0:02:26]} Qg3 {[%emt 0:04:38]} 32. Bb7 {[%emt 0:03:54]} Qh4+ {[%emt 0:14:44]} 33. Kg1 {[%emt 0:00:09]} Qa4 {[%emt 0:00:49]} 34. Qa5 Qf4 {[%emt 0:00:19]} 35. Qc3 {[%emt 0:02:35]} Qd6 {[%emt 0:02:16]} 36. Qc6 {[%emt 0:01:38]} Qd1+ {[%emt 0:00:22]} 37. Kf2 {[%emt 0:00:20]} a5 {[%emt 0:00:47]} 38. Qc8+ {[%emt 0:00:12]} Kg7 {[%emt 0:00:04]} 39. Qc3+ {[%emt 0:00:07]} Kg8 {[%emt 0:00:08]} 40. Nxa5 {[%emt 0:01:09]} Qd6 {[%emt 0:01:54]} 41. Nc4 {[%emt 0:03:24]} Qf4+ {[%emt 0:00:38]} 42. Kg1 {[%emt 0:01:49]} Nc5 {[%emt 0:00:38]} 43. Bf3 {[%emt 0:00:59]} Nd3 {[%emt 0:00:23]} 44. a4 {[%emt 0:01:01]} Qh4 {[%emt 0:00:32]} 45. Nd2 {[%emt 0:13:20]} Qf2+ {[%emt 0:00:06]} 46. Kh2 {[%emt 0:00:03]} Qh4+ {[%emt 0:00:07]} 47. Kg1 {[%emt 0:00:03]} Qf2+ {[%emt 0:00:12]} 1/2-1/2

[Event "2nd Gujarat Open 2019"]
[Site "Ahmedabad, Gujarat"]
[Date "2019.09.28"]
[Round "9.29"]
[White "Arun Rathee"]
[Black "Srija, Seshadri"]
[Result "0-1"]
[WhiteElo "1959"]
[BlackElo "2270"]
[Annotator "NA"]
[PlyCount "148"]
[EventDate "2019.09.22"]
[EventType "swiss"]
[EventCountry "IND"]
[SourceTitle "playchess.com"]
[Source "ChessBase"]
[SourceQuality "1"]
[TimeControl "5400+30"]

1. Nf3 {[%emt 0:00:00]} d5 {[%emt 0:00:00]} 2. c4 {[%emt 0:00:25]} d4 {[%emt 0:00:19]} 3. g3 {[%emt 0:05:09]} c5 {[%emt 0:00:20]} 4. b4 {[%emt 0:01:20]} cxb4 {[%emt 0:00:43]} 5. a3 {[%emt 0:00:07]} b3 {[%emt 0:00:48]} 6. Qxb3 {[%emt 0:01:27]} Nc6 {[%emt 0:00:40]} 7. Bg2 {[%emt 0:01:27]} e5 {[%emt 0:01:03]} 8. d3 {[%emt 0:00:14]} Bd6 {[%emt 0:00:33]} 9. O-O {[%emt 0:01:35]} Nge7 {[%emt 0:00:33]} 10. Nbd2 {[%emt 0:08:05]} O-O {[%emt 0:01:35]} 11. Ne4 {[%emt 0:11:09]} Bc7 {[%emt 0:00:27]} 12. a4 {[%emt 0:01:33]} Ng6 {[%emt 0:07:04]} 13. Ba3 {[%emt 0:05:09]} Re8 {[%emt 0:00:11]} 14. c5 {[%emt 0:02:33]} Na5 {[%emt 0:06:54]} 15. Qb2 {[%emt 0:03:33]} Be6 {[%emt 0:06:52]} 16. Nfd2 {[%emt 0:01:22]} Rb8 {[%emt 0:01:38]} 17. Nd6 {[%emt 0:15:24]} Bxd6 {[%emt 0:14:06]} 18. cxd6 {[%emt 0:00:02]} Bd7 {[%emt 0:06:52]} 19. Rfc1 {[%emt 0:07:22]} Bc6 {[%emt 0:01:31]} 20. Nc4 {[%emt 0:06:31]} Bxg2 {[%emt 0:02:54]} 21. Kxg2 {[%emt 0:00:13]} Nc6 {[%emt 0:00:47]} 22. Rab1 {[%emt 0:02:30]} Re6 {[%emt 0:07:14]} 23. Nd2 {[%emt 0:01:48]} Qd7 {[%emt 0:03:19]} 24. Ne4 {[%emt 0:07:35]} Ree8 {[%emt 0:00:43]} 25. h3 {[%emt 0:01:25]} Nf8 {[%emt 0:05:58]} 26. Qb5 {[%emt 0:02:53]} Ne6 {[%emt 0:01:45]} 27. a5 {[%emt 0:01:04]} f5 {[%emt 0:03:35]} 28. Nc5 {[%emt 0:01:10]} Nxc5 {[%emt 0:00:23]} 29. Qxc5 {[%emt 0:00:14]} a6 {[%emt 0:09:29]} 30. Qb6 {[%emt 0:01:51]} Kf7 {[%emt 0:02:30]} 31. Qc7 {[%emt 0:00:53]} Ke6 {[%emt 0:00:21]} 32. Kh2 {[%emt 0:02:59]} Rec8 {[%emt 0:00:47]} 33. Qb6 {[%emt 0:04:00]} Qe8 {[%emt 0:03:08]} 34. Rc2 {[%emt 0:01:44]} Kd7 {[%emt 0:00:50]} 35. Rbc1 {[%emt 0:00:19]} f4 {[%emt 0:02:17]} 36. Kg2 {[%emt 0:01:47]} Qf7 {[%emt 0:02:09]} 37. g4 {[%emt 0:00:54]} h5 {[%emt 0:02:18]} 38. f3 {[%emt 0:00:01]} Qf6 {[%emt 0:00:43]} 39. Qb3 {[%emt 0:00:51]} hxg4 {[%emt 0:00:57]} 40. fxg4 {[%emt 0:00:38]} Qe6 {[%emt 0:03:05]} 41. Qxe6+ {[%emt 0:00:29]} Kxe6 {[%emt 0:00:01]} 42. h4 {[%emt 0:00:23]} Rh8 {[%emt 0:00:55]} 43. Rh1 {[%emt 0:00:46]} Rbc8 {[%emt 0:00:49]} 44. Rc5 {[%emt 0:00:17]} Na7 {[%emt 0:00:28]} 45. h5 {[%emt 0:00:34]} Nb5 {[%emt 0:01:19]} 46. Bb4 {[%emt 0:00:01]} Nxd6 {[%emt 0:00:27]} 47. Rhc1 {[%emt 0:00:24]} Rxc5 {[%emt 0:00:34]} 48. Rxc5 {[%emt 0:00:13]} Nb5 {[%emt 0:00:43]} 49. Kh3 {[%emt 0:00:44]} g6 {[%emt 0:00:23]} 50. Kh4 {[%emt 0:00:01]} gxh5 {[%emt 0:00:13]} 51. gxh5 {[%emt 0:00:16]} Rg8 {[%emt 0:01:23]} 52. Kh3 {[%emt 0:01:55]} Rg3+ {[%emt 0:00:28]} 53. Kh2 {[%emt 0:00:02]} Rg5 {[%emt 0:00:40]} 54. Rc8 {[%emt 0:00:16]} Rxh5+ {[%emt 0:00:05]} 55. Kg2 {[%emt 0:00:02]} Kd7 {[%emt 0:00:30]} 56. Rb8 {[%emt 0:01:05]} Kc7 {[%emt 0:00:38]} 57. Re8 {[%emt 0:00:02]} Nc3 {[%emt 0:00:39]} 58. Re7+ {[%emt 0:01:13]} Kc6 {[%emt 0:00:01]} 59. Re6+ {[%emt 0:00:17]} Kd7 {[%emt 0:00:53]} 60. Re7+ {[%emt 0:00:04]} Kc8 {[%emt 0:00:45]} 61. Re8+ {[%emt 0:00:03]} Kc7 {[%emt 0:00:05]} 62. Re7+ {[%emt 0:00:07]} Kc6 {[%emt 0:00:39]} 63. Re6+ {[%emt 0:00:06]} Kb5 {[%emt 0:00:29]} 64. Rb6+ {[%emt 0:00:41]} Ka4 {[%emt 0:00:01]} 65. Rxb7 {[%emt 0:02:16]} Nxe2 {[%emt 0:00:02]} 66. Bd6 {[%emt 0:00:53]} Kxa5 {[%emt 0:01:10]} 67. Kf3 {[%emt 0:00:19]} Nc1 {[%emt 0:01:13]} 68. Ke4 {[%emt 0:00:26]} f3 69. Kxf3 {[%emt 0:00:20]} Nxd3 {[%emt 0:00:39]} 70. Ke4 {[%emt 0:00:01]} Nf2+ {[%emt 0:00:29]} 71. Kd5 {[%emt 0:00:01]} d3 {[%emt 0:00:13]} 72. Kc4 {[%emt 0:00:10]} d2 {[%emt 0:00:29]} 73. Rb2 {[%emt 0:00:35]} Rh4+ {[%emt 0:00:18]} 74. Kd5 {[%emt 0:00:22]} d1=Q+ {[%emt 0:00:04]} 0-1

[Event "2nd Gujarat Open 2019"]
[Site "Ahmedabad, Gujarat"]
[Date "2019.09.28"]
[Round "9.30"]
[White "Alan Diviya Raj"]
[Black "Nayak Rajesh"]
[Result "1-0"]
[WhiteElo "1943"]
[BlackElo "2227"]
[Annotator "NA"]
[PlyCount "105"]
[EventDate "2019.09.22"]
[EventType "swiss"]
[EventCountry "IND"]
[SourceTitle "playchess.com"]
[Source "ChessBase"]
[SourceQuality "1"]
[TimeControl "5400+30"]

1. e4 {[%emt 0:00:00]} d6 {[%emt 0:00:48]} 2. d4 {[%emt 0:00:00]} e5 {[%emt 0:00:08]} 3. dxe5 {[%emt 0:00:00]} dxe5 {[%emt 0:00:07]} 4. Qxd8+ {[%emt 0:00:00]} Kxd8 {[%emt 0:00:03]} 5. Bc4 {[%emt 0:00:15]} f6 {[%emt 0:00:35]} 6. Nc3 {[%emt 0:00:18]} Bc5 {[%emt 0:00:16]} 7. f4 {[%emt 0:01:03]} Nd7 {[%emt 0:01:09]} 8. Nf3 {[%emt 0:00:24]} c6 {[%emt 0:00:43]} 9. fxe5 {[%emt 0:01:57]} Nxe5 {[%emt 0:00:25]} 10. Nxe5 {[%emt 0:04:21]} fxe5 {[%emt 0:00:18]} 11. Bg5+ {[%emt 0:00:23]} Nf6 {[%emt 0:00:29]} 12. O-O-O+ {[%emt 0:01:40]} Ke7 {[%emt 0:00:13]} 13. h3 {[%emt 0:00:20]} b5 {[%emt 0:04:27]} 14. Bb3 {[%emt 0:05:40]} h6 {[%emt 0:01:01]} 15. Bh4 {[%emt 0:02:08]} a5 {[%emt 0:09:11]} 16. a3 {[%emt 0:03:29]} a4 {[%emt 0:01:28]} 17. Ba2 {[%emt 0:00:12]} Be6 {[%emt 0:02:05]} 18. Bxe6 {[%emt 0:00:30]} Kxe6 {[%emt 0:00:06]} 19. Bxf6 {[%emt 0:02:36]} gxf6 {[%emt 0:01:42]} 20. Rd3 {[%emt 0:00:07]} Rag8 {[%emt 0:00:28]} 21. g3 {[%emt 0:00:12]} Rd8 {[%emt 0:03:38]} 22. Rhd1 {[%emt 0:00:39]} Rxd3 {[%emt 0:00:40]} 23. Rxd3 {[%emt 0:00:05]} h5 {[%emt 0:00:07]} 24. Ne2 {[%emt 0:00:08]} Rf8 {[%emt 0:05:03]} 25. Rc3 {[%emt 0:00:22]} Kd6 {[%emt 0:00:08]} 26. Rf3 {[%emt 0:00:50]} Ke6 {[%emt 0:00:36]} 27. Rc3 {[%emt 0:00:08]} Kd6 {[%emt 0:01:27]} 28. Rf3 {[%emt 0:00:07]} Bb6 {[%emt 0:06:27]} 29. c4 {[%emt 0:06:14]} Ba5 {[%emt 0:05:15]} 30. Rf5 {[%emt 0:06:01]} Kc5 {[%emt 0:01:57]} 31. cxb5 {[%emt 0:00:41]} cxb5 {[%emt 0:00:12]} 32. Rxh5 {[%emt 0:05:56]} Kc4 {[%emt 0:00:49]} 33. Kc2 {[%emt 0:13:53]} Rd8 {[%emt 0:01:25]} 34. Nc1 {[%emt 0:00:04]} Rd2+ {[%emt 0:04:08]} 35. Kb1 {[%emt 0:00:07]} Rg2 {[%emt 0:00:19]} 36. Rh8 {[%emt 0:06:19]} Kd4 {[%emt 0:01:17]} 37. b4 {[%emt 0:00:06]} axb3 {[%emt 0:12:26]} 38. Nxb3+ {[%emt 0:00:07]} Kxe4 {[%emt 0:01:11]} 39. Nxa5 {[%emt 0:00:31]} Rxg3 {[%emt 0:00:06]} 40. Kb2 {[%emt 0:00:22]} f5 {[%emt 0:00:08]} 41. Rh5 {[%emt 0:04:13]} Rg6 {[%emt 0:05:13]} 42. Kc3 {[%emt 0:08:07]} f4 {[%emt 0:00:20]} 43. Nb3 {[%emt 0:00:06]} f3 {[%emt 0:09:53]} 44. Nd2+ {[%emt 0:00:08]} Kf4 {[%emt 0:01:03]} 45. Rh4+ {[%emt 0:03:09]} Kf5 {[%emt 0:00:07]} 46. Rh8 {[%emt 0:02:13]} Ra6 {[%emt 0:04:44]} 47. Rf8+ {[%emt 0:01:08]} Kg6 {[%emt 0:01:07]} 48. Kb3 {[%emt 0:00:52]} Rd6 {[%emt 0:03:13]} 49. Nxf3 {[%emt 0:00:27]} e4 {[%emt 0:01:29]} 50. Ne5+ {[%emt 0:00:48]} Kg7 {[%emt 0:00:10]} 51. Re8 {[%emt 0:00:39]} Rh6 {[%emt 0:00:14]} 52. Ng4 {[%emt 0:01:20]} Rxh3+ {[%emt 0:00:08]} 53. Kb4 {[%emt 0:00:04]} 1-0

[Event "2nd Gujarat Open 2019"]
[Site "Ahmedabad, Gujarat"]
[Date "2019.09.28"]
[Round "9.31"]
[White "Sobh, Amrou"]
[Black "Ramakrishna, Perumalla"]
[Result "0-1"]
[WhiteElo "2172"]
[BlackElo "1971"]
[Annotator "NA"]
[PlyCount "92"]
[EventDate "2019.09.22"]
[EventType "swiss"]
[EventCountry "IND"]
[SourceTitle "playchess.com"]
[Source "ChessBase"]
[SourceQuality "1"]
[TimeControl "5400+30"]

1. d4 f5 {[%emt 0:00:21]} 2. Nf3 {[%emt 0:00:03]} Nf6 {[%emt 0:00:06]} 3. Bg5 {[%emt 0:00:19]} e6 {[%emt 0:00:02]} 4. Nbd2 {[%emt 0:01:02]} d5 {[%emt 0:00:06]} 5. e3 {[%emt 0:01:27]} Be7 {[%emt 0:00:53]} 6. Bxf6 {[%emt 0:01:20]} Bxf6 {[%emt 0:00:03]} 7. Bd3 {[%emt 0:00:08]} O-O {[%emt 0:01:18]} 8. c3 {[%emt 0:01:19]} Nc6 {[%emt 0:07:58]} 9. Qc2 {[%emt 0:01:35]} g6 {[%emt 0:07:28]} 10. O-O-O {[%emt 0:00:58]} Qe7 {[%emt 0:07:56]} 11. h4 {[%emt 0:00:19]} h5 {[%emt 0:03:43]} 12. Kb1 {[%emt 0:00:45]} Rb8 {[%emt 0:04:03]} 13. Nb3 {[%emt 0:05:50]} b5 {[%emt 0:07:45]} 14. Qe2 {[%emt 0:00:41]} a6 {[%emt 0:02:47]} 15. Rc1 {[%emt 0:01:45]} e5 {[%emt 0:00:31]} 16. dxe5 {[%emt 0:04:47]} Nxe5 {[%emt 0:00:50]} 17. Nbd4 {[%emt 0:02:13]} Bd7 {[%emt 0:04:10]} 18. Nxe5 Bxe5 {[%emt 0:01:52]} 19. f4 {[%emt 0:02:37]} Bg7 {[%emt 0:01:52]} 20. Qd2 {[%emt 0:08:43]} c5 {[%emt 0:03:23]} 21. Nc2 {[%emt 0:00:15]} Qf6 {[%emt 0:07:53]} 22. Ne1 {[%emt 0:01:47]} c4 {[%emt 0:13:54]} 23. Be2 {[%emt 0:00:35]} b4 {[%emt 0:00:05]} 24. Ka1 {[%emt 0:02:12]} Rfe8 {[%emt 0:04:48]} 25. Nf3 {[%emt 0:00:37]} bxc3 {[%emt 0:00:30]} 26. bxc3 {[%emt 0:01:50]} Qe6 {[%emt 0:00:15]} 27. Ne5 {[%emt 0:02:15]} Bxe5 {[%emt 0:01:44]} 28. fxe5 {[%emt 0:00:03]} Qxe5 {[%emt 0:00:10]} 29. Bf3 {[%emt 0:00:46]} Bc6 {[%emt 0:00:54]} 30. Rhe1 {[%emt 0:01:02]} Rb5 {[%emt 0:00:18]} 31. Qd4 {[%emt 0:01:12]} Qe7 {[%emt 0:05:34]} 32. Rb1 {[%emt 0:03:48]} Rxb1+ {[%emt 0:01:21]} 33. Rxb1 {[%emt 0:00:40]} Qxe3 {[%emt 0:00:27]} 34. Bxd5+ {[%emt 0:00:33]} Bxd5 {[%emt 0:00:10]} 35. Qxd5+ {[%emt 0:00:02]} Qe6 {[%emt 0:00:07]} 36. Qd4 {[%emt 0:01:18]} a5 {[%emt 0:03:02]} 37. Qa7 {[%emt 0:03:47]} Qe5 {[%emt 0:00:34]} 38. Qd4 {[%emt 0:02:06]} Qxd4 {[%emt 0:01:49]} 39. cxd4 {[%emt 0:00:02]} Re2 {[%emt 0:02:36]} 40. Rc1 {[%emt 0:00:03]} Rxg2 {[%emt 0:00:28]} 41. Rxc4 {[%emt 0:00:06]} f4 {[%emt 0:00:56]} 42. Rc3 {[%emt 0:02:40]} Rd2 {[%emt 0:00:29]} 43. Rc6 {[%emt 0:04:01]} Kf7 {[%emt 0:00:08]} 44. Rc7+ {[%emt 0:00:33]} Kf6 {[%emt 0:00:37]} 45. Rd7 {[%emt 0:00:15]} f3 {[%emt 0:00:18]} 46. Rd8 {[%emt 0:00:03]} Ke7 {[%emt 0:00:13]} 0-1